000 00461nam a22001577a 4500
003 PILC
005 20160212094201.0
008 151006b xxu||||| |||| 00| 0 eng d
020 _a9789351155188
050 _aHF 5549
_b.H873 2015
245 _aHR in hospitality management /
260 _aUAE :
_b3G elearning,
_c2015.
300 _avi, 236 pages :
_billustrations ;
_c24 cm.
650 _aHospitality industry
_xPersonnel management.
942 _2lcc
_cBK
_kFOR
999 _c288822
_d288822